<?xml version="1.0" encoding="UTF-8"?>
<record
    xmlns:xsi="http://www.w3.org/2001/XMLSchema-instance"
    xsi:schemaLocation="http://www.loc.gov/MARC21/slim http://www.loc.gov/standards/marcxml/schema/MARC21slim.xsd"
    xmlns="http://www.loc.gov/MARC21/slim">

  <leader>01593nam a2200241Ia 4500</leader>
  <controlfield tag="001">b7213-53398 </controlfield>
  <controlfield tag="003">IT-MiCISF</controlfield>
  <controlfield tag="005">20250516143940.0</controlfield>
  <controlfield tag="008">161014s9999||||xx |||||||||||||| ||und||</controlfield>
  <datafield tag="040" ind1=" " ind2=" ">
    <subfield code="a">IT-MiCISF</subfield>
    <subfield code="c">IT-MiCISF</subfield>
  </datafield>
  <datafield tag="041" ind1=" " ind2=" ">
    <subfield code="a">it</subfield>
  </datafield>
  <datafield tag="100" ind1=" " ind2=" ">
    <subfield code="a">Kampowski Stephan, Gallazzi Giulio (a cura di)</subfield>
    <subfield code="9">62176</subfield>
  </datafield>
  <datafield tag="245" ind1=" " ind2="0">
    <subfield code="a">Affari, siete di famiglia?</subfield>
    <subfield code="b">Famiglia e sviluppo sostenibile</subfield>
  </datafield>
  <datafield tag="260" ind1=" " ind2=" ">
    <subfield code="a"> Siena,</subfield>
    <subfield code="b">Cantagalli,</subfield>
    <subfield code="c">2013</subfield>
  </datafield>
  <datafield tag="300" ind1=" " ind2=" ">
    <subfield code="a">pp. 230</subfield>
  </datafield>
  <datafield tag="500" ind1=" " ind2=" ">
    <subfield code="a"> lavoro, famiglia, societ&#xE0;, chiesa, capitale-sociale </subfield>
  </datafield>
  <datafield tag="520" ind1=" " ind2=" ">
    <subfield code="a">Il mercato non pu&#xF2; fare a meno della gratuit&#xE0;. Questo concetto espresso da Benedetto XVI nella sua enciclica Caritas in veritate sfida la comune idea che la ricchezza nasca dall'incontro di diversi egoismi. L'attuale crisi economica che tocca i Paesi del vecchio Continente pare confermare nei fatti l'assunto del Pontefice, e ci apre la possibilit&#xE0; di riconsiderare alcuni principi che fino a poco tempo fa erano considerati pietre angolari dell'economia mondiale. I contributi del presente libro affermano, da diversi punti di vista, che per avere uno sviluppo economico veramente sostenibile occorre rafforzare la famiglia, mettendola nelle condizioni che le permettano di fiorire, di crescere e di svolgere il suo ruolo insostituibile nella societ&#xE0;.</subfield>
  </datafield>
  <datafield tag="650" ind1=" " ind2=" ">
    <subfield code="a">lavoro</subfield>
  </datafield>
  <datafield tag="654" ind1=" " ind2=" ">
    <subfield code="a">saggio</subfield>
  </datafield>
  <datafield tag="700" ind1=" " ind2=" ">
    <subfield code="a"> Melina L., Anderson C., D'Agostino F., Granados J., Kampowski S., </subfield>
    <subfield code="a">Zamagni S., Donati P., Molteni M., Campiglio L., Faldetta G., Gallazzi G.,</subfield>
    <subfield code="a"> Santolini L., Scholz B., Damosso P</subfield>
    <subfield code="9">62177</subfield>
  </datafield>
  <datafield tag="942" ind1=" " ind2=" ">
    <subfield code="c">BK</subfield>
    <subfield code="2">ddc</subfield>
  </datafield>
  <datafield tag="999" ind1=" " ind2=" ">
    <subfield code="c">209752</subfield>
    <subfield code="d">209752</subfield>
  </datafield>
  <datafield tag="999" ind1=" " ind2=" ">
    <subfield code="b">si</subfield>
  </datafield>
  <datafield tag="952" ind1=" " ind2=" ">
    <subfield code="0">0</subfield>
    <subfield code="1">0</subfield>
    <subfield code="4">0</subfield>
    <subfield code="6">B_721353398</subfield>
    <subfield code="7">1</subfield>
    <subfield code="a">CISF</subfield>
    <subfield code="b">CISF</subfield>
    <subfield code="d">2016-10-14</subfield>
    <subfield code="l">0</subfield>
    <subfield code="o">b7213-53398 </subfield>
    <subfield code="r">2016-10-14 00:00:00</subfield>
    <subfield code="w">2016-10-14</subfield>
    <subfield code="y">BK</subfield>
    <subfield code="z">Data import 15.10.2016 / by Epidotti, Vaglietti</subfield>
  </datafield>
</record>
